Dư lượng thuốc trừ sâu hoạt chất Fenobucarb trong nước trên ruộng lúa và hệ thống sông rạch tại tỉnh Hậu Giang : Luận văn tốt nghiệp cao học. Ngành Khoa học Môi trường
Khảo sát dung lượng thuốc trừ sâu hoạt chất Fenobucarb trong nước trên các sông rạch, kênh nội đồng và tại ruộng lúa trên địa bàn tỉnh Hậu Giang.
Enregistré dans:
| Auteur principal: | |
|---|---|
| Format: | Livre |
| Langue: | Undetermined |
| Publié: |
Cần Thơ
Trường Đại học Cần Thơ
2013
|
| Sujets: | |
| Tags: |
Ajouter un tag
Pas de tags, Soyez le premier à ajouter un tag!
|
| Thư viện lưu trữ: | Trung tâm Học liệu Trường Đại học Cần Thơ |
|---|
| LEADER | 01166nam a2200217Ia 4500 | ||
|---|---|---|---|
| 001 | CTU_185392 | ||
| 008 | 210402s9999 xx 000 0 und d | ||
| 082 | |a 632.95 | ||
| 082 | |b Tr513 | ||
| 088 | |a 60440301 | ||
| 100 | |a Lâm, Quang Trung | ||
| 245 | 0 | |a Dư lượng thuốc trừ sâu hoạt chất Fenobucarb trong nước trên ruộng lúa và hệ thống sông rạch tại tỉnh Hậu Giang : | |
| 245 | 0 | |b Luận văn tốt nghiệp cao học. Ngành Khoa học Môi trường | |
| 245 | 0 | |c Lâm Quang Trung ; Bùi Thị Nga, Dương Minh Viễn (Cán bộ hướng dẫn) | |
| 260 | |a Cần Thơ | ||
| 260 | |b Trường Đại học Cần Thơ | ||
| 260 | |c 2013 | ||
| 520 | |a Khảo sát dung lượng thuốc trừ sâu hoạt chất Fenobucarb trong nước trên các sông rạch, kênh nội đồng và tại ruộng lúa trên địa bàn tỉnh Hậu Giang. | ||
| 650 | |a Lúa,Kênh nội đồng,Pesticides,Canals,Rice,Thuốc bảo vệ thực vật | ||
| 904 | |i Trúc | ||
| 980 | |a Trung tâm Học liệu Trường Đại học Cần Thơ | ||